Biblioteca

Yo creo en la familia : (Registro nro. 67167)

Detalles MARC
000 -LÍDER
Campo fijo de descripción fija 01266nam a2200325 i 4500
001 - NÚMERO DE CONTROL
Campo de control 768714001
003 - IDENTIFICADOR DEL NÚMERO DE CONTROL
Campo de control CO-MdFUSB
005 - FECHA Y HORA DE LA ULTIMA TRANSACCIÓN
control field 20220318172554.0
008 - ELEMENTOS DE LONGITUD FIJA -- INFORMACIÓN GENERAL
Campo fijo de descripción fija -- Información general 220211t1994 ck ||||g |||| 001 0 spa d
020 ## - NÚMERO INTERNACIONAL NORMALIZADO PARA LIBROS
Número Internacional Normalizado del libro 9586077500
040 ## - FUENTE DE CATALOGACIÓN
Agencia de catalogación original CO-MdFUSB
Idioma de catalogación spa
Agencia que realiza la transcripción CO-MdFUSB
Agencia que realiza la modificación CO-MdFUSBC
Convenciones de la descripción rda
041 ## - CÓDIGO DE IDIOMA
Código de idioma para texto/pista de sonido o título separado spa
Código de idioma original por
082 ## - NÚMERO DE CLASIFICACIÓN DECIMAL DEWEY
Número de la edición del Dewey 23
Número de clasificación 241.63
Clave de autor-Numero de item D812
100 ## - ASIENTO PRINCIPAL--NOMBRE PERSONAL
Nombre personal Duarte, Luís Miguel,
Fechas asociadas con el nombre 1956-
Término relacionador autor
240 ## - TITULO UNIFORME
Título uniforme <a href="Creio na família (propostas para casais)">Creio na família (propostas para casais)</a>
245 10 - TÍTULO
Título del Material Yo creo en la familia :
Parte restante del título - Subtitulo insinuaciones para los matrimonios
Mención de responsabilidad, etc. / Luis Miguel Duarte
250 ## - MENCIÓN DE EDICIÓN
Mención de edición Primera edición
264 #1 - PRODUCCIÓN, PUBLICACIÓN, DISTRIBUCIÓN, MANUFACTURA, Y COPYRIGHT
Lugar de producción, publicación, distribución, manufactura San Pablo, Brasil :
Nombre del productor, publicador, distribuidor San Pablo,
Fecha de producción, publicación, distribución, manufactura, o copyright [1994]
264 #4 - PRODUCCIÓN, PUBLICACIÓN, DISTRIBUCIÓN, MANUFACTURA, Y COPYRIGHT
Fecha de producción, publicación, distribución, manufactura, o copyright © 1994
300 ## - DESCRIPCIÓN FÍSICA
Extensión 116 páginas
Dimensiones ; 18 cm
336 ## - TIPO DE CONTENIDO
Fuente rdacontent
Término de tipo de contenido texto
Código de tipo de contenido txt
337 ## - TIPO DE MEDIO
Fuente rdamedia
Nombre del tipo de medio sin mediación
Código del tipo de medio n
338 ## - TIPO DE SOPORTE
Fuente rdacarrier
Nombre del tipo de soporte volumen
Código Tipo de soporte nc
504 ## - NOTA DE BIBLIOGRAFÍA, ETC.
Nota de bibliografía, etc (índice) páginas 117-121
505 ## - NOTA DE CONTENIDO
Nota de contenido con formato preestablecido Presentación. -- La familia se transforma. -- La familia y la religión. -- La vida nace del amor. -- A favor de la vida. -- Urgente tarea de la familia. -- Tiempo para convivir. -- Y orientación vocacional de los hijos. -- La familia pide socorro. -- Conclusión. -- Página de créditos.
563 ## - NOTA DE ENCUADERNACIÓN
Nota de encuadernación Rústica
650 #0 - ASIENTO SECUNDARIO DE MATERIA - TERMINO TEMÁTICO
9 (RLIN) 292
Término temático o nombre geográfico como elemento de entrada Familias
942 ## - TIPO DE MATERIAL (KOHA)
Tipo de Item KOHA Libros General
945 ## - INFORMACIÓN LOCAL DEL REGISTRO
Catalogador Dani
Existencias
Estado de Material Estado de Perdido Forma de Clasificación Estado de Dañado No para Préstamo Colección Biblioteca de Origen Biblioteca Permanente Fecha de Adquisición Área Total de Préstamos Signatura Topográfica Código de Barras Última vez visto Fecha de Remplazo Tipo de Material
    Dewey Decimal Classification     Colección General Biblioteca FUSBC Biblioteca FUSBC 11/02/2022 VIDA CRISTIANA   G 241.63 D812y 4919 11/02/2022 11/02/2022 Libros General

Biblioteca FUSBC | Teléfono: (57+4) 349 88 10 Ext. 141| WhatsApp (+57) 3005338115 
E-mail: biblioteca@unisbc.edu.co | Calle 76 87-14 Robledo Palenque, Medellín, Colombia

Con tecnología Koha